<?xml version="1.0" encoding="UTF-8"?>
<record
    xmlns:xsi="http://www.w3.org/2001/XMLSchema-instance"
    xsi:schemaLocation="http://www.loc.gov/MARC21/slim http://www.loc.gov/standards/marcxml/schema/MARC21slim.xsd"
    xmlns="http://www.loc.gov/MARC21/slim">

  <leader>00490nam a22001457a 4500</leader>
  <datafield tag="020" ind1=" " ind2=" ">
    <subfield code="a">9332544794</subfield>
  </datafield>
  <datafield tag="022" ind1=" " ind2=" ">
    <subfield code="a">978-9332544796</subfield>
  </datafield>
  <datafield tag="082" ind1=" " ind2=" ">
    <subfield code="a">691</subfield>
    <subfield code="b">PUR</subfield>
    <subfield code="c">M-38, P-122</subfield>
  </datafield>
  <datafield tag="100" ind1=" " ind2=" ">
    <subfield code="a">Purushothama Raj ,P.</subfield>
    <subfield code="9">51285</subfield>
  </datafield>
  <datafield tag="245" ind1=" " ind2=" ">
    <subfield code="a">Building Construction Materials and Techniques</subfield>
    <subfield code="c"> Purushothama Raj ,P.</subfield>
  </datafield>
  <datafield tag="260" ind1=" " ind2=" ">
    <subfield code="a">Pearson Education India :</subfield>
    <subfield code="b">Pearson Education</subfield>
    <subfield code="c">(March 1, 2017)</subfield>
  </datafield>
  <datafield tag="300" ind1=" " ind2=" ">
    <subfield code="a">xxx ;592p.</subfield>
    <subfield code="b">ill</subfield>
    <subfield code="c">9.2 x 6.1 x 0.9 inches</subfield>
  </datafield>
  <datafield tag="526" ind1=" " ind2=" ">
    <subfield code="a">0</subfield>
    <subfield code="b">0</subfield>
    <subfield code="c">0</subfield>
    <subfield code="d">691_000000000000000_PUR</subfield>
  </datafield>
  <datafield tag="942" ind1=" " ind2=" ">
    <subfield code="2">ddc</subfield>
    <subfield code="c">BK</subfield>
  </datafield>
  <datafield tag="999" ind1=" " ind2=" ">
    <subfield code="c">554015</subfield>
    <subfield code="d">554015</subfield>
  </datafield>
  <datafield tag="952" ind1=" " ind2=" ">
    <subfield code="0">0</subfield>
    <subfield code="1">0</subfield>
    <subfield code="2">ddc</subfield>
    <subfield code="4">0</subfield>
    <subfield code="7">0</subfield>
    <subfield code="a">MCE</subfield>
    <subfield code="b">MCE</subfield>
    <subfield code="d">2018-01-02</subfield>
    <subfield code="l">1</subfield>
    <subfield code="m">1</subfield>
    <subfield code="o">691 PUR</subfield>
    <subfield code="p">MCE-50543</subfield>
    <subfield code="r">2018-10-08</subfield>
    <subfield code="s">2018-07-02</subfield>
    <subfield code="w">2021-03-14</subfield>
    <subfield code="y">BK</subfield>
  </datafield>
</record>
